| 000 | 00471nam a2200169 i 4500 | ||
|---|---|---|---|
| 001 | 96812 | ||
| 003 | ES-MaACL | ||
| 005 | 20230906181959.0 | ||
| 007 | t| | ||
| 008 | 050701s1970 sp ||||1| fre d | ||
| 100 | 1 |
_aMangold, Walter. _976017 |
|
| 245 | 1 | 3 |
_aLa litterature française par les textes / _cWalter Mangold. |
| 250 | _a14ª ed. | ||
| 260 |
_aMadrid : _bMangold, _c1970. |
||
| 300 |
_a246 p., 1 h. con lám. ; _c21 cm. |
||
| 852 |
_aES-MaACL _jC-46418 _bR.81942 |
||
| 999 |
_c96812 _d96812 |
||